| 000 | 00563nam a2200229Ia 4500 | ||
|---|---|---|---|
| 003 | OSt | ||
| 005 | 20221005115826.0 | ||
| 006 | a|||||r|||| 00| 0 | ||
| 007 | ta | ||
| 008 | 221004b |||||||| |||| 00| 0 eng d | ||
| 024 | _a70214 | ||
| 037 | _cTextual | ||
| 040 |
_aCRL _cCRL _beng |
||
| 041 |
_2eng _aeng |
||
| 082 | _aY13:3R493.73, J7 | ||
| 100 | _aColeman James S. | ||
| 245 | 0 | _aCommunity conflict | |
| 260 | _c1957 | ||
| 650 | _aSOCIOLOGY | ||
| 942 |
_hY13:3R493.73, J7 _cTEXL _2cc |
||
| 999 |
_c1036021 _d1036021 |
||